Detalles MARC
| 000 -LEADER |
| campo de control de longitud fija |
03773cam a22005534i 4500 |
| 003 - IDENTIFICADOR DE NÚMERO DE CONTROL |
| campo de control |
PE-LiUPU |
| 005 - FECHA Y HORA DE LA ÚLTIMA TRANSACCIÓN |
| campo de control |
20250731173046.0 |
| 008 - DATOS DE LONGITUD FIJA--INFORMACIÓN GENERAL |
| campo de control de longitud fija |
170413s2017 mau r 000 0 eng d |
| 020 ## - NÚMERO INTERNACIONAL ESTÁNDAR DEL LIBRO |
| Número Internacional Estándar del Libro |
9781619709577 |
| Información calificativa |
(alk. paper) |
| 035 ## - NÚMERO DE CONTROL DEL SISTEMA |
| Número de control de sistema |
(Sirsi) i9781619709577 |
| 035 ## - NÚMERO DE CONTROL DEL SISTEMA |
| Número de control de sistema |
(OCoLC)962822410 |
| Número de control cancelado/no válido |
(OCoLC)962552840 |
| 040 ## - FUENTE DE CATALOGACIÓN |
| Centro catalogador/agencia de origen |
DLC |
| Lengua de catalogación |
spa |
| Normas de descripción |
rda |
| Centro/agencia transcriptor |
DLC |
| Centro/agencia modificador |
YDX |
| -- |
OCLCF |
| -- |
GGB |
| -- |
CNTCS |
| -- |
OCLCO |
| -- |
OCLCQ |
| -- |
PE-LiUPU |
| 041 1# - CÓDIGO DE IDIOMA |
| Código de lengua del texto/banda sonora o título independiente |
eng |
| Código de lengua original |
fre |
| 049 ## - FONDOS LOCALES (OCLC) |
| Biblioteca depositaria |
PRUA |
| 050 00 - SIGNATURA TOPOGRÁFICA DE LA BIBLIOTECA DEL CONGRESO |
| Número de clasificación |
BT50 |
| Número de ítem |
.B5413 2017 |
| 066 ## - JUEGOS/CONJUNTO DE CARACTERES UTILIZADOS/PRESENTES |
| Juego/conjunto de caracteres alternativo G0 o G1 |
$1 |
| 082 00 - NÚMERO DE LA CLASIFICACIÓN DECIMAL DEWEY |
| Número de clasificación |
231.042 |
| Cutter |
B64 |
| Número de edición |
23 |
| 100 1# - ENTRADA PRINCIPAL--NOMBRE DE PERSONA |
| Nombre de persona |
Blocher, Henri, |
| Término indicativo de función/relación |
autor. |
| 240 13 - TÍTULO UNIFORME |
| Título uniforme |
La foi et la raison. |
| Lenguaje de la obra |
English |
| 245 10 - MENCIÓN DEL TÍTULO |
| Título |
Faith & reason / |
| Mención de responsabilidad, etc. |
Henri Blocher ; translated by Damon DiMauro. |
| 264 #1 - PRODUCCIÓN, PUBLICACIÓN, DISTRIBUCIÓN, FABRICACIÓN Y COPYRIGHT |
| Producción, publicación, distribución, fabricación y copyright |
Peabody, Massachusetts : |
| Nombre del de productor, editor, distribuidor, fabricante |
Hendrickson Publishers, |
| Fecha de producción, publicación, distribución, fabricación o copyright |
[2017] |
| 300 ## - DESCRIPCIÓN FÍSICA |
| Extensión |
vi, 109 páginas ; |
| Dimensiones |
22 centímetros |
| 336 ## - TIPO DE CONTENIDO |
| Término de tipo de contenido |
text |
| Fuente |
rdacontent |
| 337 ## - TIPO DE MEDIO |
| Nombre/término del tipo de medio |
unmediated |
| Fuente |
rdamedia |
| 338 ## - TIPO DE SOPORTE |
| Nombre/término del tipo de soporte |
volume |
| Fuente |
rdacarrier |
| 505 0# - NOTA DE CONTENIDO CON FORMATO |
| Nota de contenido con formato |
Introduction: From Youthful Memory to Everyone's Mission -- The Recourse to Reason in the Affirmation of the Faith -- Historical Survey -- Evangelicals and Apologetics -- The French Scene -- The Fundamental Question -- Rationalism in the Light of Scripture � Rationalism -- The Observations of Experience -- Biblical Teaching -- On What Basis Can There Be Dialogue? -- How Long to Persevere? -- Reflection on an Objection to the Faith: "You can make the Bible say whatever you want" -- The Transmission of the Biblical Text -- The Successive Editions/Versions of the Text? -- The Bible, a Contradictory Book? -- Response to the Objection: "Scientific endeavor is contrary to faith" -- Modern Science -- Miscellaneous Objections -- Objections on the Basis of Principles -- Response to the Objection: "The findings of scientific research show the Bible to be in error, and most especially when it comes to miracles" -- Minor Errors Here and There? -- The Structure of Reality -- Science and Faith in Relation to Origins -- The Question of Miracles -- The Objection to Miracles -- The Case for Miracles -- Conclusi |
| 520 ## - RESUMEN, ETC. |
| Sumario, etc. |
In this primer on apologetics, Henri Blocher helps readers navigate the relationship and tensions between faith and reason. "Doing apologetics" means presenting arguments to lead people to faith or to con rm them in their faith. After discussing the relationship between faith and reason, the author addresses several of the thorniest questions that trouble our efforts to unify a heart for Jesus with a mind at work: How do we combine science and faith?; Does the Bible contain errors?; Can we make the Bible say whatever we want? In discussing all of these issues in Faith and Reason, the author reminds us of the motivations that should prompt us to seek the most persuasive reasons for believing: to make our decision to have faith a responsible one, to increase our love for the people around us, and to bring glory to God. - back of book. |
| 526 ## - NOTA DE INFORMACIÓN SOBRE EL PROGRAMA DE ESTUDIO |
| Nombre del programa |
Segunda Especialidad En Profecías Bíblicas |
| 526 ## - NOTA DE INFORMACIÓN SOBRE EL PROGRAMA DE ESTUDIO |
| Nombre del programa |
Segunda Especialidad En Nuevo Testamento |
| 526 ## - NOTA DE INFORMACIÓN SOBRE EL PROGRAMA DE ESTUDIO |
| Nombre del programa |
Segunda Especialidad En Antiguo Testamento |
| 526 ## - NOTA DE INFORMACIÓN SOBRE EL PROGRAMA DE ESTUDIO |
| Nombre del programa |
Segunda Especialidad En Estudios Adventistas |
| 526 ## - NOTA DE INFORMACIÓN SOBRE EL PROGRAMA DE ESTUDIO |
| Nombre del programa |
Doctorado en teología |
| 526 ## - NOTA DE INFORMACIÓN SOBRE EL PROGRAMA DE ESTUDIO |
| Nombre del programa |
Maestría en teología histórica |
| 526 ## - NOTA DE INFORMACIÓN SOBRE EL PROGRAMA DE ESTUDIO |
| Nombre del programa |
Maestría en teología bíblica |
| 526 ## - NOTA DE INFORMACIÓN SOBRE EL PROGRAMA DE ESTUDIO |
| Nombre del programa |
Maestría en teología |
| 526 ## - NOTA DE INFORMACIÓN SOBRE EL PROGRAMA DE ESTUDIO |
| Nombre del programa |
Maestría en misionología |
| 526 ## - NOTA DE INFORMACIÓN SOBRE EL PROGRAMA DE ESTUDIO |
| Nombre del programa |
Maestría en liderazgo eclesiástico |
| 526 ## - NOTA DE INFORMACIÓN SOBRE EL PROGRAMA DE ESTUDIO |
| Nombre del programa |
Teología |
| 596 ## - |
| -- |
1 |
| 650 14 - PUNTO DE ACCESO ADICIONAL DE MATERIA--TÉRMINO DE MATERIA |
| Término de materia o nombre geográfico como elemento de entrada |
Apologética. |
| 9 (RLIN) |
2321 |
| 650 14 - PUNTO DE ACCESO ADICIONAL DE MATERIA--TÉRMINO DE MATERIA |
| Término de materia o nombre geográfico como elemento de entrada |
Fe y razón |
| Subdivisión general |
Cristianismo. |
| 700 1# - ENTRADA AGREGADA--NOMBRE PERSONAL |
| Nombre de persona |
DiMauro, Damon, |
| Término indicativo de función/relación |
traductor. |
| 910 ## - DATOS DE OPCIÓN DEL USUARIO (OCLC) |
| Datos de opción del usuario |
dbm |
| -- |
jpc |
| -- |
jpc |
| -- |
20171201 |
| 942 ## - ELEMENTOS DE ENTRADA SECUNDARIOS (KOHA) |
| Fuente del sistema de clasificación o colocación |
Clasificación Decimal Dewey |
| Tipo de ítem Koha |
|
| 949 ## - PROCESAMIENTO DE INFORMACIÓN LOCAL (OCLC) |
| a |
231.042 B64 |
| w |
DEWEY |
| c |
1 |
| i |
77352 |
| l |
CATALOGING |
| m |
BUL |
| p |
7.99 |
| r |
0 |
| s |
Y |
| t |
BOOK |
| u |
2017-12-04 |
| x |
POSGRADO |
| -- |
P85 |
| 0 |
DONACION |
| o |
.STAFF. Colección Teología |
| 994 ## - |
| -- |
C0 |
| -- |
PEPRU |
| 999 ## - NÚMEROS DE CONTROL DE SISTEMA (KOHA) |
| -- |
DEWEY |
| -- |
77352 |
| -- |
2021-11-9 |
| -- |
4 |
| -- |
CCODEBUL1 |
| -- |
BUL |
| -- |
7.99 |
| -- |
0 |
| -- |
Y |
| -- |
BOOK |
| -- |
2017-12-4 |
| -- |
TEOLOGIA |
| -- |
P85 |
| -- |
COMPRA |
| -- |
.STAFF. Colección Teología |
| 980 ## - EQUIVALENCIA O REFERENCIA-CRUZADA-MENCIÓN DE SERIE--NOMBRE DE PERSONA/TÍTULO [LOCAL, CANADÁ] |
| ID del último usuario que modificó el registro |
1 |
| Nombre del último usuario que modificó el registro |
ALBERTO SANCHEZ Responsable de Automatización |